[Particulars and conditions of sale of various properties sold at the Auction Mart, London by George Robins from 1840 to 1841] (Record no. 116354)

MARC details
000 -LEADER
fixed length control field 00812cam a22001935a 4500
001 - CONTROL NUMBER
control field L140558
008 - FIXED-LENGTH DATA ELEMENTS--GENERAL INFORMATION
fixed length control field 070928i18401941xxk eng u
035 ## - SYSTEM CONTROL NUMBER
System control number (Sirsi) u140558
041 0# - LANGUAGE CODE
Language code of text/sound track or separate title eng
110 2# - MAIN ENTRY--CORPORATE NAME
Corporate name or jurisdiction name as entry element George Robins
245 01 - TITLE STATEMENT
Title [Particulars and conditions of sale of various properties sold at the Auction Mart, London by George Robins from 1840 to 1841]
260 ## - PUBLICATION, DISTRIBUTION, ETC.
Place of publication, distribution, etc. S.l.
Name of publisher, distributor, etc. s.n
Date of publication, distribution, etc. 1840-1841
300 ## - PHYSICAL DESCRIPTION
Extent 4 items
Other physical details col., maps
Dimensions 39 cm.
351 ## - ORGANIZATION AND ARRANGEMENT OF MATERIALS
Hierarchical level Single item
500 ## - GENERAL NOTE
General note Particulars and conditions of sale for Chessel House, Southampton; the Wheston Hall Estate, Derbyshire and a property in Cross Deep, Twickenham. Includes plans of the first two properties.
651 4# - SUBJECT ADDED ENTRY--GEOGRAPHIC NAME
Geographic name England
Chronological subdivision 886-
690 ## - LOCAL SUBJECT ADDED ENTRY--TOPICAL TERM (OCLC, RLIN)
Topical term or geographic name as entry element PROPERTY-PROPERTY ACQUISITION AND DISPOSAL-ACQUISITION AND DISPOSAL AT AUCTION
942 ## - ADDED ENTRY ELEMENTS (KOHA)
Suppress in OPAC 0
Holdings
Withdrawn status Lost status Source of classification or shelving scheme Damaged status Not for loan Home library Current library Shelving location Date acquired Total Checkouts Full call number Barcode Date last seen Copy number Price effective from Koha item type
    Dewey Decimal Classification     Historic collection Historic collection Historic collection 28/09/2007   MAP CABINET DRAWER 6 140558-2001 06/08/2019 1 06/08/2019 Archive